书目信息 |
| 题名: |
马克思主义新闻传播思想经典文本导读
|
|
| 作者: | 吴飞 主编 | |
| 分册: | ||
| 出版信息: | 杭州 浙江大学出版社 2005.9 |
|
| 页数: | 368页 | |
| 开本: | 23cm | |
| 丛书名: | 新闻传播学精品导读丛书 | |
| 单 册: | ||
| 中图分类: | A851.67 , A567 | |
| 科图分类: | ||
| 主题词: | 马克思主义--ma ke si zhu yi--新闻学--学习参考资料 , 马克思主义--ma ke si zhu yi--传播学--学习参考资料 , 传播学--chuan bo xue , 新闻学--xin wen xue | |
| 电子资源: | ||
| ISBN: | 7-308-04284-7 | |
| 000 | 01413nam0 2200313 45 | |
| 001 | 012005000000 | |
| 005 | 20061115154553.42 | |
| 010 | @a7-308-04284-7@dCNY36.00 | |
| 100 | @a20051119d2005 em y0chiy0121 ea | |
| 101 | 0 | @achi |
| 102 | @aCN@b330000 | |
| 105 | @ay z 000yy | |
| 200 | 1 | @a马克思主义新闻传播思想经典文本导读@Ama ke si zhu yi xin wen chuan bo si xiang jing dian wen ben dao du@d= An introduction to Marxist classics on journalism and communication@f吴飞主编@zeng |
| 210 | @a杭州@c浙江大学出版社@d2005.9 | |
| 215 | @a368页@d23cm | |
| 225 | 2 | @a新闻传播学精品导读丛书@Axin wen chuan bo xue jing pin dao du cong shu |
| 314 | @a吴飞, 浙江大学新闻与传播学院教授, 中国社会科学院社会学所博士后, 现任浙江大学新闻与传播学院常务副院长、新闻传媒与社会发展研究所所长, 著有《大众传播法论》等。 | |
| 330 | @a本书分四个单元: 马克思恩格斯新闻传播论著导读、列宁新闻传播论著导读、毛泽东新闻传播论著导读、刘少奇新闻传播论著导读。 | |
| 410 | 0 | @12001 @a新闻传播学精品导读丛书 |
| 510 | 1 | @aAn introduction to Marxist classics on journalism and communication@zeng |
| 606 | 0 | @a马克思主义@Ama ke si zhu yi@x新闻学@j学习参考资料 |
| 606 | 0 | @a马克思主义@Ama ke si zhu yi@x传播学@j学习参考资料 |
| 606 | 0 | @a传播学@Achuan bo xue |
| 606 | 0 | @a新闻学@Axin wen xue |
| 690 | @aA851.67@v4 | |
| 690 | @aA567@v4 | |
| 701 | 0 | @a吴飞@Awu fei@4主编 |
| 801 | 0 | @aCN@c20061115 |
| 905 | @a10447@dA851.67@eW773 | |
| 马克思主义新闻传播思想经典文本导读= An introduction to Marxist classics on journalism and communication/吴飞主编.-杭州:浙江大学出版社,2005.9 |
| 368页;23cm.-(新闻传播学精品导读丛书) |
| ISBN 7-308-04284-7:CNY36.00 |
| 本书分四个单元: 马克思恩格斯新闻传播论著导读、列宁新闻传播论著导读、毛泽东新闻传播论著导读、刘少奇新闻传播论著导读。 |
| ● |
| 相关链接 |
|
|
|
正题名:马克思主义新闻传播思想经典文本导读
索取号:A851.67/W773
 
预约/预借
| 序号 | 登录号 | 条形码 | 馆藏地/架位号 | 状态 | 备注 |
| 1 | 637232 | 206372325 | 社科库509/509社科库 6排2列5层/ [索取号:A851.67/W773] | 在馆 | |
| 2 | 637233 | 206372334 | 社科库509/509社科库 6排2列6层/ [索取号:A851.67/W773] | 在馆 | |
| 3 | 637234 | 206372343 | 社科库509/509社科库 6排2列5层/ [索取号:A851.67/W773] | 在馆 |